|
|
|
|
| LEADER |
00000nab a2200000 a 4500 |
| 001 |
vtls009308797 |
| 003 |
SK-MaSNL |
| 005 |
20260304153045.0 |
| 008 |
250506c2008 xo |r|p|||||||000 b|slo |
| 015 |
|
|
|a SNBRB2008/07
|2 snkbucl
|
| 035 |
|
|
|a (uuid)807341be-9b61-42d4-ac94-09bb57e919bc
|
| 035 |
|
|
|a urn:nbn:sk:snk-abetlt
|
| 035 |
|
|
|a (urnnbn)urn:nbn:sk:snk:ar-0009wa
|
| 038 |
|
|
|a SNKBUCL
|
| 040 |
|
|
|a SNKBUCL
|b slo
|c SNKBUCL
|e AACR2
|
| 041 |
0 |
|
|a slo
|
| 044 |
|
|
|a xo
|c SK
|
| 080 |
|
|
|a 82:929:821.162.4
|2 2001
|
| 080 |
|
|
|a 821.162.4:929
|2 2001
|
| 080 |
|
|
|a 82.09:821.162.4-93
|2 2001
|
| 080 |
|
|
|a 821.162.4-93.09
|2 2001
|
| 100 |
1 |
|
|a Šikula, Bystrík,
|d 1956-
|4 aut
|9 13321
|
| 245 |
1 |
0 |
|a Už nám fúka do komína
|c Bystrík Šikula
|
| 600 |
1 |
7 |
|a Balco, Július,
|d 1948-2021
|t Strigôňov školský rok
|2 snkbucl
|9 1475880
|
| 655 |
|
7 |
|a články z novín a časopisov
|2 snkbucl
|9 267496
|
| 773 |
0 |
|
|t Slovenské pohľady
|g Roč. IV.+124., č. 5 (2008), s. 101-103
|x 1335-7786
|
| 850 |
|
|
|a Slovenská národná knižnica
|
| 852 |
|
|
|a Slovenská národná knižnica
|
| 958 |
|
|
|a article27
|
| 958 |
|
|
|a LX
|
| 958 |
|
|
|a SK
|
| 958 |
|
|
|a OND
|
| 958 |
|
|
|a EUIPO
|
| 999 |
|
|
|c 2952283
|d 2954213
|